Australian national government / (Record no. 36453)
[ view plain ]
| 000 -LEADER | |
|---|---|
| fixed length control field | 01015nam a2200313 i 4500 |
| 001 - CONTROL NUMBER | |
| control field | 36453 |
| 003 - CONTROL NUMBER IDENTIFIER | |
| rucl marc code | BD-RjUL |
| 005 - DATE AND TIME OF LATEST TRANSACTION | |
| control field | 20211209052505.0 |
| 008 - FIXED-LENGTH DATA ELEMENTS--GENERAL INFORMATION | |
| fixed length control field | 140624s1973 at a b 001 0 eng d |
| 020 ## - INTERNATIONAL STANDARD BOOK NUMBER | |
| International Standard Book Number | 0582684315 |
| International Standard Book Number | 0582684307 (pbk.) |
| 035 ## - SYSTEM CONTROL NUMBER | |
| System control number | (BD-RjUL)36553 |
| 040 ## - CATALOGING SOURCE | |
| Original cataloging agency | DLC |
| Transcribing agency | DLC |
| Modifying agency | DLC |
| -- | BD-RjUL |
| Language of cataloging | eng |
| 041 ## - LANGUAGE CODE | |
| Language code of text/sound track or separate title | eng |
| 082 00 - DEWEY DECIMAL CLASSIFICATION NUMBER | |
| Classification number | 320.994 |
| Author mark and year | CRA 1962 |
| 100 1# - MAIN ENTRY--PERSONAL NAME | |
| Personal name | Crisp, L. F. |
| Fuller form of name | (Leslie Finlay), |
| Dates associated with a name | 1917-1984. |
| 9 (RLIN) | 22953 |
| 245 10 - TITLE STATEMENT | |
| Title | Australian national government / |
| Statement of responsibility, etc. | L. F. Crisp. |
| 250 ## - EDITION STATEMENT | |
| Edition statement | 3d ed. |
| 260 ## - PUBLICATION, DISTRIBUTION, ETC. (IMPRINT) | |
| Place of publication, distribution, etc. | Hawthorn, Vic. : |
| Name of publisher, distributor, etc. | Longman Australia, |
| Date of publication, distribution, etc. | 1973. |
| 300 ## - PHYSICAL DESCRIPTION | |
| Pagination | xii, 519 p. : |
| Illustrations | ill. ; |
| Size | 23 cm. |
| 500 ## - GENERAL NOTE | |
| General note | Published in 1949-1961 under title: The parliamentary government of the Commonwealth of Australia. |
| General note | Includes index. |
| 504 ## - BIBLIOGRAPHY, ETC. NOTE | |
| Bibliography, etc | Bibliography: p. [490]-508. |
| 650 #0 - SUBJECT ADDED ENTRY--TOPICAL TERM | |
| Topical term or geographic name as entry element | Federal government |
| Geographic subdivision | Australia. |
| 9 (RLIN) | 18170 |
| 651 #0 - SUBJECT ADDED ENTRY--GEOGRAPHIC NAME | |
| Geographic name | Australia |
| General subdivision | Politics and government. |
| 9 (RLIN) | 110982 |
| 942 ## - ADDED ENTRY ELEMENTS (KOHA) | |
| Source of classification or shelving scheme | Dewey Decimal Classification |
| Koha item type | Books |
| Lost status | Source of classification or shelving scheme | Damaged status | Not for loan | Collection code | Permanent Location | Current Location | Shelving location | Date acquired | Source of acquisition | Cost, normal purchase price | Total Checkouts | Full call number | Date last seen | Copy number | Koha item type |
|---|---|---|---|---|---|---|---|---|---|---|---|---|---|---|---|
| Dewey Decimal Classification | Not For Loan | Non-fiction | Central Library, University of Rajshahi | Central Library, University of Rajshahi | Reading Room | sweets & zettinger | 50.00 | 320.994 CRA 1962 | 24/06/2014 | C-1 | Books |